000 00298nam a22001337a 4500
008 181105b xxu||||| |||| 00| 0 eng d
020 _a9780393935806
041 _aeng
080 _a370
100 _a45
101 _ardu
245 _aThr Little Seagull Handbook
_cRichard.b
942 _2udc
_cBK
999 _c51775
_d51775